000 01254aam a2200349 i 4500
001 768714001
003 CO-MdFUSB
005 20250506091133.0
007 ta
008 250506t2007 -us |||| |||| 00| 0 spa d
020 _a978-0-311-46191-2
040 _cCO-MdFUSB
041 _aspa
_heng
082 0 4 _223
_a241.21
_bS7969e
100 1 _aStassen, Glen H.
_eautor
240 _aKingdom Ethics
245 1 3 _aLa ética del reino :
_bsiguiendo a Jesús en un contexto contemporáneo
_c/ Glen H. Stassen , David P. Gushee ; traducido por Roberto Fricke S.
250 _aprimera edición
264 1 _bMundo Hispano,
_aTexas, Estados Unidos :
_c[2007]
264 4 _c©2007
300 _a528 páginas
336 _atexto
_btxt
_2rdacontent
337 _2rdamedia
_asin mediación
_bn
338 _2rdacarrier
_avolumen
_bnc
505 _aEl reino de Dios y el carácter cristiano - El camino de Jesús y la autoridad profética - Varón y mujer - Las normas centrales en la ética cristiana - Las relaciones entre la justicia y el amor...
563 _aPasta dura
650 7 _aÉtica cristiana
_9185
700 1 _aGushee, David P.
_eautor
700 _aFricke S., Roberto,
_911398
_etraductor
942 _cBK
945 _aJTF-925
999 _c42367
_d42367